000 01393nam a22002417a 4500
001 9626
003 FISKH
005 20260126141353.0
008 260126b cb ||||| |||| 00| 0 eng d
020 _a9780008485122
040 _aFISKH
_beng
_cFISKH
_dFISKH
050 _a PS3554 .I33 .Z63
082 _a813.54
100 _a Didion , Joan
245 _aThe year of magical thinking /
_cBy Joan Didion
260 _aLondon :
_bCollins Modern Classics ,
_c2005 .
300 _a227 pages :
_billustrations ;
_c20 cm.
520 _aBiography & Autobiography. Nonfiction. HTML:Didion's journalistic skills are displayed as never before in this story of a year in her life that began with her daughter in a medically induced coma and her husband unexpectedly dead due to a heart attack. This powerful and moving work is Didion's "attempt to make sense of the weeks and then months that cut loose any fixed idea I ever had about death, about illness . . . about marriage and children and memory . . . about the shallowness of sanity, about life itself." With vulnerability and passion, Joan Didion explores an intensely personal yet universal experience of love and loss. THE YEAR OF MAGICAL THINKING will speak directly to anyone who has ever loved a husband, wife, or child.
650 _aMemoir
_vNon-fiction
650 _aMourning
_vNon-fiction
942 _2ddc
_cBK
_n0
999 _c9626
_d9626